[Event "Targo Mures Open 2019"]
[Site "Targo Mures"]
[Date "2019.10.18"]
[Round "3.9"]
[White "Paraschiv, Paul-Alexandru"]
[Black "Vladescu, Alin-Cristian"]
[Result "1-0"]
[WhiteElo "2023"]
[BlackElo "2004"]
[Annotator "NA"]
[PlyCount "55"]
[EventDate "2019.03.02"]
[EventType "swiss"]
[EventCountry "ROU"]
[SourceTitle "playchess.com"]
[Source "ChessBase"]
[SourceQuality "1"]
[TimeControl "5400+30"]

1. d4 {[%emt 0:00:00]} c5 {[%emt 0:01:22]} 2. d5 {[%emt 0:00:24]} Nf6 {[%emt 0:00:13]} 3. c4 {[%emt 0:00:41]} d6 {[%emt 0:01:24]} 4. Nc3 {[%emt 0:00:13]} g6 {[%emt 0:00:21]} 5. e4 {[%emt 0:00:42]} Bg7 {[%emt 0:00:10]} 6. Bd3 {[%emt 0:00:20]} O-O {[%emt 0:00:50]} 7. Nge2 {[%emt 0:01:51]} e6 {[%emt 0:05:26]} 8. O-O {[%emt 0:01:06]} e5 {[%emt 0:04:35] E70: King's Indian: Miscellaneous lines with 4 e4, including 5 Nge2 and 5 Bd3 0-0 6 Nge2} (8... exd5 9. cxd5 a6 10. a4 Re8 11. Ng3 b6 12. h3 Ra7 13. Bg5 h6 14. Bd2 Nh7 15. f4 h5 16. Kh1 h4 17. Nge2 Nd7 18. Be1 Rc7 {½-½ (75) Jumabayev,R (2605)-Amonatov,F (2615) Batumi 2018}) 9. Ng3 {[%emt 0:02:13]} a6 {[%emt 0:02:48]} 10. a4 {[%emt 0:00:20]} h6 $146 {[%emt 0:03:28]} ({Predecessor:} 10... Nbd7 11. Be3 h5 12. Bg5 Qe8 13. h3 Nh7 14. Bd2 Qe7 15. a5 Qh4 16. Na4 {0-1 (73) Koerholz,L (2335)-Levacic,P (2350) Cannes 1996}) 11. Bd2 {[%emt 0:10:18]} Nbd7 {[%emt 0:05:37]} 12. a5 {[%emt 0:04:00]} Ne8 {[%emt 0:08:10]} 13. Na4 {[%emt 0:01:27]} Kh7 {[%emt 0:01:15]} 14. b4 {[%emt 0:00:45]} Bf6 {[%emt 0:10:30]} 15. bxc5 {[%emt 0:01:16]} dxc5 {[%emt 0:03:53]} 16. Qc1 {[%emt 0:00:55]} h5 {[%emt 0:01:15]} 17. Rb1 {[%emt 0:01:09]} Qc7 {[%emt 0:04:46]} 18. Nb6 {[%emt 0:00:59]} Rb8 {[%emt 0:02:53]} 19. Nxd7 $18 {[%emt 0:02:18]} Bxd7 {[%emt 0:03:09]} 20. Rb6 {[%emt 0:00:15]} Nd6 {[%emt 0:12:46]} 21. f4 {[%emt 0:01:26]} Rbe8 {[%emt 0:02:32]} 22. fxe5 {[%emt 0:04:06]} Bxe5 {[%emt 0:00:24]} 23. Bh6 {[%emt 0:00:08]} Rg8 {[%emt 0:07:56]} 24. Bf4 {[%emt 0:01:25]} h4 {[%emt 0:13:18]} 25. Bxe5 {[%emt 0:00:34]} Rxe5 {[%emt 0:00:26]} 26. Qf4 {[%emt 0:00:11]} Rge8 {[%emt 0:02:54]} 27. Qxh4+ {[%emt 0:00:27]} Kg8 {[%emt 0:00:31]} 28. Qf6 {[%emt 0:00:07]} 1-0

[Event "Targo Mures Open 2019"]
[Site "Targo Mures"]
[Date "2019.10.18"]
[Round "3.10"]
[White "Szilveszter, Sandor"]
[Black "Stegariu, Alexandru"]
[Result "0-1"]
[WhiteElo "1672"]
[BlackElo "2146"]
[Annotator "NA"]
[PlyCount "102"]
[EventDate "2019.03.02"]
[EventType "swiss"]
[EventCountry "ROU"]
[SourceTitle "playchess.com"]
[Source "ChessBase"]
[SourceQuality "1"]
[TimeControl "5400+30"]

1. e4 {[%emt 0:00:00]} c5 {[%emt 0:01:49]} 2. Nf3 {[%emt 0:00:27]} e6 {[%emt 0:00:05]} 3. d4 {[%emt 0:00:52]} cxd4 {[%emt 0:00:05]} 4. Nxd4 {[%emt 0:00:25]} a6 {[%emt 0:00:01]} 5. Bd3 {[%emt 0:00:31]} Bc5 {[%emt 0:01:31]} 6. Nb3 {[%emt 0:00:24]} Ba7 {[%emt 0:00:06]} 7. O-O {[%emt 0:00:17]} Ne7 {[%emt 0:04:24]} 8. Bg5 {[%emt 0:01:11] B42: Sicilian: Kan Variation: 5 Bd3} (8. Qe2 Nbc6 9. Be3 O-O 10. Bxa7 Rxa7 11. c4 d5 12. exd5 exd5 13. Nc3 d4 14. Ne4 Ng6 15. f4 f5 16. Ng3 b6 17. Rad1 {1-0 (46) Jakovenko,D (2735)-Artemiev,V (2704) Poikovsky 2018}) 8... d6 {[%emt 0:01:39]} 9. Nc3 {[%emt 0:00:47]} Nbc6 $146 {[%emt 0:09:36]} ({Predecessor:} 9... h6 10. Bh4 O-O 11. Qd2 Nbc6 12. Rad1 Qc7 13. Kh1 b5 14. a3 d5 15. exd5 exd5 {1-0 (69) Langers,A (1734)-Schoettler,K (1575) Dortmund 2005}) 10. Kh1 {[%emt 0:00:44]} e5 {[%emt 0:01:08]} 11. f4 {[%emt 0:01:43]} f6 {[%emt 0:05:27]} 12. Bh4 {[%emt 0:00:48]} exf4 {[%emt 0:00:35]} 13. Qh5+ {[%emt 0:00:49]} Ng6 {[%emt 0:01:26]} 14. e5 {[%emt 0:00:34]} Ncxe5 {[%emt 0:02:15]} 15. Bxg6+ {[%emt 0:00:17]} Nxg6 {[%emt 0:00:30]} 16. Rae1+ {[%emt 0:00:20]} Be3 {[%emt 0:04:38]} 17. Rxf4 {[%emt 0:00:35]} O-O {[%emt 0:00:07]} 18. Qd5+ {[%emt 0:00:10]} Kh8 {[%emt 0:01:22]} 19. Re4 {[%emt 0:01:06]} Ba7 {[%emt 0:01:53]} 20. Bg3 {[%emt 0:00:56]} Ne5 {[%emt 0:01:38]} 21. Bxe5 {[%emt 0:01:37]} dxe5 {[%emt 0:00:14]} 22. Qc4 {[%emt 0:01:29]} Bf5 {[%emt 0:02:37]} 23. R4e2 {[%emt 0:00:33]} Qe7 {[%emt 0:02:05]} 24. Nd5 {[%emt 0:00:31]} Qf7 {[%emt 0:00:08]} 25. Ne3 {[%emt 0:00:43]} Bxe3 {[%emt 0:04:25]} 26. Qxf7 {[%emt 0:00:19]} Rxf7 {[%emt 0:00:06]} 27. Rxe3 {[%emt 0:00:17]} Bxc2 {[%emt 0:00:10]} 28. Nc5 {[%emt 0:01:12]} b6 {[%emt 0:02:20]} 29. Nd3 {[%emt 0:00:26]} Rd7 {[%emt 0:02:00]} 30. Nb4 {[%emt 0:00:24]} Bf5 {[%emt 0:00:25]} 31. a3 {[%emt 0:01:09]} a5 {[%emt 0:00:13]} 32. Na2 {[%emt 0:00:12]} Rd2 {[%emt 0:00:11]} 33. R3e2 {[%emt 0:00:36]} Rad8 {[%emt 0:00:13]} 34. h3 {[%emt 0:00:14]} b5 {[%emt 0:01:02]} 35. b4 {[%emt 0:00:46]} axb4 {[%emt 0:01:00]} 36. Nxb4 {[%emt 0:00:14]} h5 {[%emt 0:02:31]} 37. Nc6 $19 {[%emt 0:00:44]} Rxe2 {[%emt 0:00:32]} 38. Rxe2 {[%emt 0:00:16]} Rd3 {[%emt 0:00:11]} 39. Na7 {[%emt 0:03:29]} Bd7 {[%emt 0:00:15]} 40. Rb2 {[%emt 0:00:19]} b4 {[%emt 0:01:59]} 41. Rxb4 {[%emt 0:01:16]} Rxa3 {[%emt 0:00:10]} 42. Rb7 {[%emt 0:00:30]} Rd3 {[%emt 0:00:13]} 43. Kg1 {[%emt 0:00:31]} Kh7 {[%emt 0:00:14]} 44. Kf2 {[%emt 0:00:23]} Kg6 {[%emt 0:00:13]} 45. Rc7 {[%emt 0:00:41]} Kf5 {[%emt 0:00:30]} 46. Nc8 {[%emt 0:00:44]} Bxc8 {[%emt 0:00:09]} 47. Rxc8 {[%emt 0:00:12]} Rd2+ {[%emt 0:00:32]} 48. Kf3 {[%emt 0:01:00]} h4 {[%emt 0:00:09]} 49. g4+ {[%emt 0:00:36]} hxg3 {[%emt 0:00:06]} 50. Kxg3 {[%emt 0:00:13]} Rd3+ {[%emt 0:00:11]} 51. Kg2 {[%emt 0:00:20]} Kf4 {[%emt 0:00:10]} 0-1

[Event "Targo Mures Open 2019"]
[Site "Targo Mures"]
[Date "2019.10.18"]
[Round "3.11"]
[White "Capota, Radu-Mircea"]
[Black "Rosca, Vasile-Benone"]
[Result "0-1"]
[WhiteElo "1601"]
[BlackElo "2017"]
[Annotator "NA"]
[PlyCount "54"]
[EventDate "2019.03.02"]
[EventType "swiss"]
[EventCountry "ROU"]
[SourceTitle "playchess.com"]
[Source "ChessBase"]
[SourceQuality "1"]
[TimeControl "5400+30"]

1. e4 {[%emt 0:02:38]} c5 {[%emt 0:00:00]} 2. c3 {[%emt 0:00:10]} d5 {[%emt 0:00:30]} 3. e5 {[%emt 0:01:22]} Bf5 {[%emt 0:00:49]} 4. d4 {[%emt 0:00:38]} e6 {[%emt 0:00:10]} 5. Bd3 {[%emt 0:01:21]} (5. f4 Nc6 6. Nf3 h5 7. Bd3 Nh6 8. O-O Qb6 9. dxc5 Bxc5+ 10. Kh1 Bxd3 11. Qxd3 Ng4 {½-½ (42) Dimitrov,P (2323)-Tilicheev,V (2415) Sunny Beach 2013}) 5... Bxd3 {[%emt 0:01:44]} 6. Qxd3 {[%emt 0:00:09] B22: Sicilian: 2 c3} Nc6 {[%emt 0:00:05]} 7. Ne2 {[%emt 0:00:54]} Nge7 {[%emt 0:01:04]} 8. Bg5 {[%emt 0:05:10]} Qb6 {[%emt 0:01:00]} 9. Nd2 $146 {[%emt 0:08:23]} ({Predecessor:} 9. Bxe7 Bxe7 10. Qd2 O-O 11. O-O Rac8 12. b3 Rc7 13. Qb2 Rfc8 14. Rc1 cxd4 15. cxd4 Nxd4 16. Rxc7 Qxc7 17. Nbc3 Qxe5 {0-1 (18) Detko,J (2100)-Buchnicek,P (2270) Presov 1997}) 9... cxd4 {[%emt 0:01:47]} 10. cxd4 {[%emt 0:00:23]} Nf5 {[%emt 0:00:46]} 11. Be3 {[%emt 0:01:22]} Bb4 {[%emt 0:01:36]} 12. O-O {[%emt 0:00:26]} Bxd2 {[%emt 0:00:15]} 13. Qxd2 {[%emt 0:00:27]} Rc8 {[%emt 0:07:21]} 14. Rac1 {[%emt 0:01:51]} O-O {[%emt 0:00:14]} 15. a3 {[%emt 0:05:51]} Na5 {[%emt 0:00:22]} 16. Rxc8 {[%emt 0:00:16]} Rxc8 {[%emt 0:00:02]} 17. Rc1 {[%emt 0:00:17]} Rxc1+ {[%emt 0:08:18]} 18. Qxc1 {[%emt 0:00:56]} Nc4 {[%emt 0:00:02]} 19. b4 {[%emt 0:06:54]} Qa6 {[%emt 0:01:48]} 20. Bg5 {[%emt 0:01:40]} h6 {[%emt 0:00:15]} 21. Bd8 {[%emt 0:00:37]} Nxe5 {[%emt 0:02:29]} 22. Qc2 $19 {[%emt 0:11:25]} (22. b5 {might work better.} Qxb5 23. Nc3) 22... Nc6 {[%emt 0:01:55]} 23. Bc7 {[%emt 0:02:07]} Nfxd4 {[%emt 0:01:19]} 24. Nxd4 {[%emt 0:00:38]} Nxd4 {[%emt 0:00:02]} 25. Qb2 {[%emt 0:01:53]} Ne2+ {[%emt 0:00:39]} 26. Kh1 {[%emt 0:00:12]} Qd3 {[%emt 0:01:12]} 27. Qa1 {[%emt 0:01:04]} f6 {[%emt 0:00:16]} 0-1

[Event "Targo Mures Open 2019"]
[Site "Targo Mures"]
[Date "2019.10.18"]
[Round "3.12"]
[White "Velcherean, Vasile-Adrian"]
[Black "Jakab, Nandor"]
[Result "1-0"]
[WhiteElo "1925"]
[BlackElo "1800"]
[Annotator "NA"]
[PlyCount "77"]
[EventDate "2019.03.02"]
[EventType "swiss"]
[EventCountry "ROU"]
[SourceTitle "playchess.com"]
[Source "ChessBase"]
[SourceQuality "1"]
[TimeControl "5400+30"]

1. d4 {[%emt 0:00:00]} Nf6 {[%emt 0:10:16]} 2. g3 {[%emt 0:00:39]} d5 {[%emt 0:00:32]} 3. Bg2 {[%emt 0:00:30]} g6 {[%emt 0:00:14]} 4. Nc3 {[%emt 0:01:26]} (4. c4 c6 5. Qa4 Nfd7 6. cxd5 Nb6 7. Qb3 cxd5 8. Nc3 Nc6 9. e3 e6 10. Nge2 Bg7 11. a4 O-O 12. h4 Qe7 {1-0 (57) Adly,A (2625)-Gupta,A (2619) Mansa 2017}) 4... Bg7 {[%emt 0:00:44]} 5. Bg5 {[%emt 0:01:17]} c6 {[%emt 0:04:27]} 6. Qd2 {[%emt 0:01:06] D00: 1 d4 d5: Unusual lines} Bf5 {[%emt 0:04:00]} 7. f3 {[%emt 0:04:53]} Nbd7 $146 {[%emt 0:02:36]} ({Predecessor:} 7... h6 8. Bf4 g5 9. Be3 Nbd7 10. g4 Bg6 11. h4 gxh4 {½-½ (26) Yuzhakov,O (2339)-Matveev,V (2333) Kurgan 2010}) 8. e4 {[%emt 0:01:44]} dxe4 {[%emt 0:00:23]} 9. fxe4 {[%emt 0:00:28]} Be6 {[%emt 0:00:46]} 10. Nge2 {[%emt 0:01:36]} Nb6 {[%emt 0:02:31]} 11. b3 {[%emt 0:00:30]} Bg4 {[%emt 0:07:10]} 12. a4 {[%emt 0:07:47]} a5 {[%emt 0:01:02]} 13. O-O {[%emt 0:00:28]} O-O {[%emt 0:00:45]} 14. h3 {[%emt 0:01:55]} Bxe2 {[%emt 0:02:16]} 15. Nxe2 {[%emt 0:00:18]} Qc7 {[%emt 0:02:35]} 16. Bf4 {[%emt 0:02:55]} Qd7 {[%emt 0:00:54]} 17. Rad1 {[%emt 0:00:26]} Nh5 {[%emt 0:01:34]} 18. Be3 {[%emt 0:01:23]} Qc7 {[%emt 0:02:44]} 19. g4 {[%emt 0:05:09]} Nf6 $18 {[%emt 0:01:45]} 20. Bf4 {[%emt 0:00:27]} Qd7 {[%emt 0:00:59]} 21. c4 {[%emt 0:00:14]} Rfd8 {[%emt 0:07:42]} 22. Qe3 {[%emt 0:05:00]} Nc8 {[%emt 0:03:39]} 23. e5 {[%emt 0:01:04]} Ne8 {[%emt 0:00:20]} 24. d5 {[%emt 0:00:27]} c5 {[%emt 0:25:29]} 25. Qxc5 {[%emt 0:02:53]} Ra6 {[%emt 0:03:09]} 26. Nc3 {[%emt 0:05:37]} Nb6 {[%emt 0:06:12]} 27. Qe3 {[%emt 0:04:45]} Qc8 {[%emt 0:00:56]} 28. Ne4 {[%emt 0:04:20]} Nd7 {[%emt 0:00:41]} 29. Ng5 {[%emt 0:02:42]} Nc5 {[%emt 0:00:55]} 30. Ne4 {[%emt 0:07:10]} Nxe4 {[%emt 0:00:55]} 31. Bxe4 {[%emt 0:00:31]} Nc7 {[%emt 0:01:07]} 32. Qf3 {[%emt 0:02:44]} Rb6 {[%emt 0:03:44]} 33. c5 {[%emt 0:03:28]} Rb4 {[%emt 0:01:34]} 34. Bd2 {[%emt 0:00:46]} Rd4 {[%emt 0:00:29]} 35. Bxa5 {[%emt 0:03:05]} Bxe5 {[%emt 0:01:37]} 36. Qxf7+ {[%emt 0:01:26]} Kh8 {[%emt 0:00:01]} 37. Bg2 {[%emt 0:01:40]} Qd7 {[%emt 0:00:48]} 38. Bc3 {[%emt 0:00:43]} Rxd5 {[%emt 0:00:48]} 39. Bxe5+ {[%emt 0:00:16]} 1-0

[Event "Targo Mures Open 2019"]
[Site "Targo Mures"]
[Date "2019.10.19"]
[Round "4.1"]
[White "Vasiesiu, Dan"]
[Black "Manolache, Marius"]
[Result "0-1"]
[WhiteElo "2392"]
[BlackElo "2548"]
[Annotator "TA"]
[PlyCount "30"]
[EventDate "2019.03.02"]
[EventType "swiss"]
[EventCountry "ROU"]
[SourceTitle "playchess.com"]
[Source "ChessBase"]
[SourceQuality "1"]

{[%evp 9,46,18,41,38,32,36,51,45,50,39,38,16,34,19,21,-99,-89,-83,-88,-101,-96,-94,-77,-99,-98,-102,-100,-102,-105,-156,-124,-154,-152,-144,-122,-327,-330,-441,-247]} 1. e4 d6 2. d4 Nf6 3. Nc3 g6 4. Nf3 Bg7 5. Be3 Nc6 6. d5 {B06: Modern Defence} Nb8 {[%cal Bc6b8,Bb8d7,Bd7f6][%mdl 32]} 7. Be2 (7. Qd2 c6 8. Be2 O-O 9. O-O cxd5 10. exd5 b6 11. Bh6 Bb7 12. Bxg7 Kxg7 13. Nd4 a6 {½-½ (30) Aronian,L (2797)-Nakamura,H (2781) Caleta 2018}) 7... Nbd7 8. O-O {White is slightly better.} c6 9. Re1 O-O 10. a4 $146 ({Predecessor:} 10. h3 Re8 11. Qd2 cxd5 12. exd5 a6 13. a4 Qc7 14. a5 b6 15. axb6 Nxb6 16. b3 Bb7 17. Bxb6 Qxb6 {Garcia Parra,J-Latypov,M ICCF email 2017}) 10... Ng4 11. Bd4 Ndf6 12. dxc6 (12. h3 $11 {keeps the balance.} c5 13. Bxf6 (13. hxg4 cxd4 14. Nxd4 Nxg4 $11) 13... Nxf6 14. Qd3) 12... e5 $17 13. c7 Qxc7 14. Be3 Nxe3 15. fxe3 Be6 {Played: Qc7-c5} 0-1

[Event "Targo Mures Open 2019"]
[Site "Targo Mures"]
[Date "2019.10.19"]
[Round "4.2"]
[White "Jianu, Vlad-Cristian"]
[Black "Soltanici, Ruslan"]
[Result "1-0"]
[WhiteElo "2529"]
[BlackElo "2416"]
[Annotator "TA"]
[PlyCount "55"]
[EventDate "2019.03.02"]
[EventType "swiss"]
[EventCountry "ROU"]
[SourceTitle "playchess.com"]
[Source "ChessBase"]
[SourceQuality "1"]

{[%evp 15,55,36,40,16,65,51,95,82,93,78,124,127,134,125,140,147,188,195,212,189,190,172,383,400,372,368,365,337,472,470,443,458,438,426,494,478,576,569,29986,29987,29980,29980]} 1. d4 Nf6 2. c4 e6 3. Nf3 b6 4. a3 Ba6 5. Qc2 c5 6. d5 exd5 7. cxd5 g6 8. Nc3 Bg7 9. h4 {E12: Queen's Indian: Unusual White 4th moves, 4 a3, 4 Nc3 Bb7 5 a3 and 4 Nc3 Bb7} h6 $146 ({Predecessor:} 9... d6 10. Bg5 h6 11. Bf4 Qe7 12. e3 Bxf1 13. Kxf1 a6 14. Nd2 b5 15. Nde4 Nxe4 16. Nxe4 Be5 17. Bxe5 Qxe5 {½-½ (37) Dubov,D (2629)-Harikrishna,P (2725) Doha 2014}) 10. h5 g5 11. e4 {Hoping for e5.White is better.} Bxf1 12. Kxf1 Ng4 13. Bd2 d6 {[#]} 14. Ne2 $1 {[%cal Bc3e2,Be2g3,Bg3f5][%mdl 32]} Nd7 15. Ng3 Be5 {...Bxg3 would now be nice for Black.} 16. Nf5 Qf6 17. Rb1 O-O 18. Qd1 Bf4 $2 (18... Rfe8 {keeps fighting.} 19. Nxg5 Nxf2 20. Kxf2 hxg5) 19. Bc3 $18 Be5 20. Nxe5 Ngxe5 21. g3 Kh7 (21... g4 $142 22. Bd2 Kh7 23. Bxh6 Rg8) 22. f4 gxf4 23. gxf4 Rg8 24. Qe2 (24. fxe5 Nxe5 25. Rc1 Qg5 $18) 24... Rae8 25. Rg1 ({Resist} 25. fxe5 Nxe5 26. Ke1 Rg5 $18) 25... Qd8 26. Kf2 Ng6 27. hxg6+ fxg6 {[#]} 28. Rh1 $1 {Accuracy: White = 82%, Black = 18%.} 1-0

[Event "Targo Mures Open 2019"]
[Site "Targo Mures"]
[Date "2019.10.19"]
[Round "4.3"]
[White "Filip, Lucian-Ioan"]
[Black "Banzea, Alexandru-Bogdan"]
[Result "1/2-1/2"]
[WhiteElo "2418"]
[BlackElo "2389"]
[Annotator "RC"]
[PlyCount "80"]
[EventDate "2019.03.02"]
[EventType "swiss"]
[EventCountry "ROU"]
[SourceTitle "playchess.com"]
[Source "ChessBase"]
[SourceQuality "1"]
[TimeControl "5400+30"]

1. d4 {[%emt 0:00:07]} Nf6 {[%emt 0:00:00]} 2. c4 {[%emt 0:00:03]} e6 {[%emt 0:00:02]} 3. Nf3 {[%emt 0:00:34]} d5 {[%emt 0:00:12]} 4. g3 {[%emt 0:00:13]} Bb4+ {[%emt 0:00:14]} 5. Bd2 {[%emt 0:00:03]} Bd6 {[%emt 0:00:11]} 6. Bg2 {[%emt 0:00:03]} c6 {[%emt 0:00:38]} 7. Qc2 {[%emt 0:02:35]} Nbd7 {[%emt 0:00:42]} 8. O-O {[%emt 0:00:12]} O-O {[%emt 0:00:21]} 9. Rd1 {[%emt 0:00:16]} Ne4 {[%emt 0:00:45]} 10. Nc3 {[%emt 0:00:44]} f5 {[%emt 0:01:30]} 11. Nxe4 {[%emt 0:06:08]} fxe4 {[%emt 0:02:04]} 12. Ng5 {[%emt 0:02:01]} Nf6 {[%emt 0:04:08]} 13. f3 {[%emt 0:01:43]} exf3 {[%emt 0:02:12]} 14. exf3 {[%emt 0:02:53]} h6 {[%emt 0:02:09]} 15. Nh3 {[%emt 0:00:06]} e5 {[%emt 0:01:36]} 16. dxe5 {[%emt 0:23:39]} Bxe5 {[%emt 0:02:02]} 17. Nf4 {[%emt 0:10:34]} Re8 {[%emt 0:14:36]} 18. cxd5 {[%emt 0:10:41]} Bxf4 {[%emt 0:06:50]} 19. Bxf4 {[%emt 0:00:27]} Nxd5 {[%emt 0:01:40]} 20. Bd2 {[%emt 0:13:38]} Qb6+ {[%emt 0:13:58]} 21. Kh1 {[%emt 0:00:25]} Ne3 {[%emt 0:13:20]} 22. Qg6 {[%emt 0:13:50]} Bf5 {[%emt 0:02:20]} 23. Bxe3 {[%emt 0:00:48]} Bxg6 {[%emt 0:00:29]} 24. Bxb6 {[%emt 0:00:06]} axb6 {[%emt 0:00:08]} 25. Bf1 {[%emt 0:06:14]} Bf7 {[%emt 0:00:39]} 26. Rd7 {[%emt 0:02:01]} Rxa2 {[%emt 0:02:55]} 27. Rxa2 {[%emt 0:00:07]} Bxa2 {[%emt 0:00:06]} 28. Rxb7 {[%emt 0:02:04]} b5 {[%emt 0:00:09]} 29. Kg2 {[%emt 0:01:36]} Bd5 {[%emt 0:06:59]} 30. Rd7 {[%emt 0:00:30]} Rf8 {[%emt 0:01:57]} 31. Be2 {[%emt 0:00:08]} Ra8 {[%emt 0:06:15]} 32. Bxb5 {[%emt 0:00:19]} Rb8 {[%emt 0:00:15]} 33. Be2 {[%emt 0:00:52]} Rxb2 {[%emt 0:00:17]} 34. Kf1 {[%emt 0:00:16]} Kf8 {[%emt 0:02:02]} 35. h4 {[%emt 0:00:15]} Rb8 {[%emt 0:01:43]} 36. Kf2 {[%emt 0:00:32]} Re8 {[%emt 0:00:11]} 37. Bd3 {[%emt 0:00:50]} Re7 {[%emt 0:00:13]} 38. Rxe7 {[%emt 0:00:54]} Kxe7 {[%emt 0:00:07]} 39. Ke3 {[%emt 0:00:09]} Kd6 {[%emt 0:01:54]} 40. f4 {[%emt 0:00:06]} Ke6 {[%emt 0:02:23]} 1/2-1/2

[Event "Targo Mures Open 2019"]
[Site "Targo Mures"]
[Date "2019.10.19"]
[Round "4.4"]
[White "Istratescu, Andrei"]
[Black "Paraschiv, Paul-Alexandru"]
[Result "1-0"]
[WhiteElo "2564"]
[BlackElo "2023"]
[Annotator "TA"]
[PlyCount "95"]
[EventDate "2019.03.02"]
[EventType "swiss"]
[EventCountry "ROU"]
[SourceTitle "playchess.com"]
[Source "ChessBase"]
[SourceQuality "1"]

{[%evp 27,95,60,68,69,73,68,74,66,95,92,88,89,89,89,90,92,100,89,94,90,88,77,179,89,98,89,92,91,93,73,83,74,74,73,117,113,132,118,142,152,141,139,177,160,152,160,183,191,193,193,191,180,178,151,187,209,177,183,182,134,272,272,352,353,395,388,629,483,424,399]} 1. e4 e6 2. d4 d5 3. Nd2 Nf6 4. e5 Nfd7 5. Bd3 c5 6. c3 Nc6 7. Ne2 cxd4 8. cxd4 f6 9. exf6 Nxf6 10. O-O Bd6 11. Nf3 O-O 12. Bf4 Bxf4 13. Nxf4 Qd6 14. g3 e5 15. dxe5 {C06: French Tarrasch: 3...Nf6 4 e5 Nfd7 5 Bd3 main lines} Nxe5 16. Nxe5 Qxe5 17. Qb3 {White is better.} Kh8 18. Qb4 Rd8 19. Rfe1 Qd6 20. Qxd6 Rxd6 21. Rac1 Bd7 22. h4 $146 ({Predecessor:} 22. Rc7 Bc6 {1-0 (41) Navara,D (2406)-Ma,Y (2375) Groningen 1999}) 22... Bc6 23. b4 a6 24. Re6 Rad8 (24... Rd7 $16 {was worth a try.}) 25. Rxd6 (25. Bxa6 $1 $18 {has better winning chances. Strongly threatening b5.} Rxe6 26. Nxe6) 25... Rxd6 $16 26. Ne2 Ng4 27. Nd4 {Threatens to win with Bxa6!} Ne5 28. Be2 (28. Bf1 {feels hotter.} Kg8 29. Rc5 b6 30. Rc2 Nc4 31. Nxc6 Rxc6 32. Bg2) 28... h6 29. f4 Nc4 30. Kf2 b5 31. g4 Bd7 32. g5 hxg5 33. hxg5 g6 34. Bd3 Kg7 35. Re1 Kf7 36. Rh1 Kg7 37. f5 gxf5 38. Bxf5 {Hoping for Rh7+.} ({Don't play} 38. Nxf5+ $6 Bxf5 39. Bxf5 d4 $14) 38... Kg8 39. Bh7+ $1 Kg7 40. Bc2 Kg8 41. Kg3 a5 42. bxa5 Nxa5 43. Bh7+ Kg7 (43... Kf7 $16 {is a better defense.} 44. Bd3 Nc4) 44. Bf5 $18 Kg8 {[#]} 45. Kf4 $1 Nc4 {[#]} 46. g6 $1 b4 $2 (46... Be8 47. Kg5 Ne5 48. Be6+ Rxe6) 47. Bxd7 Rxd7 48. Nf5 {Accuracy: White = 83%, Black = 51%.} 1-0